=LDR 00000nam 2200000 4500 =001 INLIS000000000020251 =005 20130612115223 =008 ***********************************Ind** =035 ##$$0010-061300000020251 =041 ##$$a Ind =082 ##$$a 608 =090 ##$$a 608, Wan d =100 ##$$a Vancleave, Janice =245 ##$$a 204 percobaan yang menakjubkan, Janie Vancleave ; alih bahasa, Ervina Yudha =260 ##$$a 2005 $b Bandung =300 ##$$a 120 hlm, ilus, 29 cm =650 ##$$a Perekaan-Percobaan =850 ##$$a NBPNMAT